000 00983nam a2200301Ia 4500
003 OSt
005 20221006155814.0
006 a|||||r|||| 00| 0
007 ta
008 221006b |||||||| |||| 00| 0 eng d
020 _a9780816654475
_c1500.00
024 _a43,547
037 _b175/2012-13, 20/03/2013, Pioneer Book Distributors
_cTextual
040 _aEASL
_cEASL
_beng
041 _2eng
_aeng
082 _aO:g, P8
100 _aEagleton Terry
245 0 _aLiterary theory
_b An introduction
260 _aOxford
_bBasil Blackwell
_c2008
300 _a240p.
_ccm.
650 _a Criticism - History
_9670466
650 _a Gen
650 _a Literature - History and criticism
_914970
650 _a Literature - History and criticism - Theory
_9670467
650 _aCriticism - History - Twentieth Century
_9670468
942 _hO:g, P8
_cTEXL
_2CC
999 _c1111633
_d1111633